ბათუმის შოთა რუსთაველის სახელმწიფო უნივერსიტეტის ბიბლიოთეკა

გენეტიკა : სამედ. სპეც. სტუდენტებისთვის და პრაქტ. ექიმებისთვის / (ბიბ.ჩანაწერი № 49289)

000 -ლიდერი
ფიქსირებული სიგრძის საკონტროლო ველი 01841nam a2200313Ia 4500
001 - საკონტროლო ნომერი
საკონტროლო ველი 16205
003 - საკონტროლო ნომრის იდენტიფიკატორი
საკონტროლო ველი GE_BSU
005 - ბოლო ოპერაციის თარიღი და დრო
საკონტროლო ველი 20241002170702.0
008 - ფიქსირებული სიგრძის მონაცემთა ელემენტები - ზოგადი ინფორმაცია
ფიქსირებული სიგრძის საკონტროლო ველი 181216s2014||||ge |||||||||||||| ||geo||
020 ## - წიგნის საერთაშორისო სტანდარტული ნომერი
International Standard Book Number 9789941069741
040 ## - კატალოგიზაციის წყარო
Transcribing agency GE_BSU
041 ## - ენის კოდი
Language code of text/sound track or separate title geo
080 ## - უნივერსალური ათობითი კლასიფიკაციის ინდექსი
Universal Decimal Classification number 575(075) ვ-55
100 ## - მთავარი ჩანაწერი - პიროვნების სახელი
Personal name ვიპონდი, კარენ.
9 (RLIN) 23297
245 ## - ცნობა სათაურის შესახებ
Title გენეტიკა : სამედ. სპეც. სტუდენტებისთვის და პრაქტ. ექიმებისთვის /
Statement of responsibility, etc კარენ ვიპონდი ; ქართ. გამოცემის რედ.: ელენე აბზიანიძე, ეკა კვარაცხელია.
250 ## - გამოცემის ცნობა
Edition statement შესწორებული გამოცემა
264 ## - წარმოების, გამოცემის, დისტრიბუციის და სხვა ცნობები
გამოცემის, წარმოების, დისტრიბუციის... ადგილი თბილისი :
გამოცემის, წარმოების, დისტრიბუციის... სახელწოდება სამედიცინო გენეტიკის და ეპიგენეტიკის საქ. საზ-ბა,
გამოცემის, წარმოების, დისტრიბუციის... თარიღი 2014.
300 ## - ფიზიკური აღწერა
Extent 240 გვ. :
Other physical details სურ. ;
Dimensions 23 სმ.. -
500 ## - ზოგადი შენიშვნა
General note თავფურ. მე-3 გვ. ინგლ.
653 ## - INDEX TERM--UNCONTROLLED
Uncontrolled term ბიოლოგია
653 ## - INDEX TERM--UNCONTROLLED
Uncontrolled term გენეტიკა
700 ## - ADDED ENTRY--PERSONAL NAME
Personal name აბზიანიძე, ე. (ელენე)
Relator term რედაქტორი. მთარგმნელი.
9 (RLIN) 23298
700 ## - ADDED ENTRY--PERSONAL NAME
Personal name კვარაცხელია, ე. (ეკა)
Relator term რედაქტორი. მთარგმნელი.
9 (RLIN) 23299
700 ## - ADDED ENTRY--PERSONAL NAME
Personal name ტყემალაძე, თ. (თინათინ)
Relator term მთარგმნელი
9 (RLIN) 23300
700 ## - ADDED ENTRY--PERSONAL NAME
Personal name კანკავა, ქ. (ქეთევან)
Relator term მთარგმნელი
9 (RLIN) 23301
700 ## - ADDED ENTRY--PERSONAL NAME
Personal name კვარაცხელია, ნატო
Relator term ტექსტის რედაქტორი.
9 (RLIN) 14697
942 ## - ADDED ENTRY ELEMENTS (KOHA)
Koha item type წიგნი
Source of classification or shelving scheme
ეგზემპლარები
ჩამოწერის სტატუსი დაკარგული ეგზემპლარის სტატუსი კლასიფიკაციის წყარო ან თაროზე გაწყობის სქემა დაზიანების სტატუსი არ გაიცემა მუდმივი მდებარეობა (დაცვის ადგილი) ამჟამინდელი ადგილსამყოფელი თაროზე განთავსების ადგილი შეძენის თარიღი ღირებულება, შესყიდვის ნორმალური ფასი სრული შენახვის შიფრი შტრიხკოდი ბოლო ოპერაციის თარიღი ეგზემპლარის მიმდევრობითი ნომერი (კეტერი?) ფასის ძალაში შესვლის თარიღი ეგზემპლარის სახეობა საჯარო შენიშვნა
          ბათუმის შოთა რუსთაველის სახელმწიფო უნივერსიტეტის მთავარი ბიბლიოთეკა ბათუმის შოთა რუსთაველის სახელმწიფო უნივერსიტეტის მთავარი ბიბლიოთეკა წიგნსაცავი 2018-12-17 16.00 575(075) ვ-55 39854 2018-12-17 39854 2018-12-17 წიგნი 16 ლ.
          ბათუმის შოთა რუსთაველის სახელმწიფო უნივერსიტეტის მთავარი ბიბლიოთეკა ბათუმის შოთა რუსთაველის სახელმწიფო უნივერსიტეტის მთავარი ბიბლიოთეკა წიგნსაცავი 2018-12-17 16.00 575(075) ვ-55 39855 2018-12-17 39855 2018-12-17 წიგნი 16 ლ.
          ბათუმის შოთა რუსთაველის სახელმწიფო უნივერსიტეტის მთავარი ბიბლიოთეკა ბათუმის შოთა რუსთაველის სახელმწიფო უნივერსიტეტის მთავარი ბიბლიოთეკა წიგნსაცავი 2018-12-17 16.00 575(075) ვ-55 39856 2018-12-17 39856 2018-12-17 წიგნი 16 ლ.
          ბათუმის შოთა რუსთაველის სახელმწიფო უნივერსიტეტის მთავარი ბიბლიოთეკა ბათუმის შოთა რუსთაველის სახელმწიფო უნივერსიტეტის მთავარი ბიბლიოთეკა წიგნსაცავი 2018-12-17 16.00 575(075) ვ-55 39857 2018-12-17 39857 2018-12-17 წიგნი 16 ლ.
          ბათუმის შოთა რუსთაველის სახელმწიფო უნივერსიტეტის მთავარი ბიბლიოთეკა ბათუმის შოთა რუსთაველის სახელმწიფო უნივერსიტეტის მთავარი ბიბლიოთეკა წიგნსაცავი 2018-12-17 16.00 575(075) ვ-55 39858 2018-12-17 39858 2018-12-17 წიგნი 16 ლ.
          ბათუმის შოთა რუსთაველის სახელმწიფო უნივერსიტეტის მთავარი ბიბლიოთეკა ბათუმის შოთა რუსთაველის სახელმწიფო უნივერსიტეტის მთავარი ბიბლიოთეკა წიგნსაცავი 2018-12-17 16.00 575(075) ვ-55 39859 2018-12-17 39859 2018-12-17 წიგნი 16 ლ.
          ბათუმის შოთა რუსთაველის სახელმწიფო უნივერსიტეტის მთავარი ბიბლიოთეკა ბათუმის შოთა რუსთაველის სახელმწიფო უნივერსიტეტის მთავარი ბიბლიოთეკა წიგნსაცავი 2018-12-17 16.00 575(075) ვ-55 39860 2018-12-17 39860 2018-12-17 წიგნი 16 ლ.
          ბათუმის შოთა რუსთაველის სახელმწიფო უნივერსიტეტის მთავარი ბიბლიოთეკა ბათუმის შოთა რუსთაველის სახელმწიფო უნივერსიტეტის მთავარი ბიბლიოთეკა წიგნსაცავი 2018-12-17 16.00 575(075) ვ-55 39861 2018-12-17 39861 2018-12-17 წიგნი 16 ლ.
          ბათუმის შოთა რუსთაველის სახელმწიფო უნივერსიტეტის მთავარი ბიბლიოთეკა ბათუმის შოთა რუსთაველის სახელმწიფო უნივერსიტეტის მთავარი ბიბლიოთეკა წიგნსაცავი 2018-12-17 16.00 575(075) ვ-55 39862 2018-12-17 39862 2018-12-17 წიგნი 16 ლ.
          ბათუმის შოთა რუსთაველის სახელმწიფო უნივერსიტეტის მთავარი ბიბლიოთეკა ბათუმის შოთა რუსთაველის სახელმწიფო უნივერსიტეტის მთავარი ბიბლიოთეკა წიგნსაცავი 2018-12-17 16.00 575(075) ვ-55 27815 2018-12-17 27815 2018-12-17 წიგნი 15 ლ. 50 თ.